000
00310nam a2200121Ia 4500
005
20251222155150.0
008
251222s9999||||xx |||||||||||||| ||spa||
082
_a
SOC.50
100
_a
ZAUZICH,María Christine.
245
0
_a
Perú política de población y derechos humanos
264
_b
Minsa
942
_c
LIB
999
_c
39540
_d
39540